Mejore Su Salud: 24 Maneras Realistas / (Record no. 183942)
[ view plain ]
| 000 -CABECERA | |
|---|---|
| campo de control de longitud fija | 00599nam a2200217Ia 4500 |
| 001 - NÚMERO DE CONTROL | |
| campo de control | IA_4524 |
| 008 - DATOS DE LONGITUD FIJA--INFORMACIÓN GENERAL | |
| campo de control de longitud fija | 220117s xx 000 0 und d |
| 010 ## - NÚMERO DE CONTROL DE LA BIBLIOTECA DEL CONGRESO | |
| Número de control de LC | 183942 |
| 082 ## - NÚMERO DE LA CLASIFICACIÓN DECIMAL DEWEY | |
| Número de clasificación | 613.6 A7 |
| 100 ## - ENTRADA PRINCIPAL--NOMBRE DE PERSONA | |
| Nombre de persona | Arnott Tim |
| 9 (RLIN) | 156101 |
| 245 ## - MENCIÓN DE TÍTULO | |
| Título | Mejore Su Salud: 24 Maneras Realistas / |
| Mención de responsabilidad, etc. | Por Tim Arnott |
| 260 ## - PUBLICACIÓN, DISTRIBUCIÓN, ETC. | |
| Lugar de publicación, distribución, etc. | México : |
| Nombre del editor, distribuidor, etc. | Agencia De Publicaciones Mexico Central A.C., |
| Fecha de publicación, distribución, etc. | |
| 300 ## - DESCRIPCIÓN FÍSICA | |
| Extensión | 120 P. |
| 500 ## - NOTA GENERAL | |
| Nota general | C/E |
| 650 ## - PUNTO DE ACCESO ADICIONAL DE MATERIA--TÉRMINO DE MATERIA | |
| Término de materia o nombre geográfico como elemento de entrada | |
| Subdivisión general | La Salud |
| 9 (RLIN) | 163678 |
| 901 ## - ELEMENTOS DE DATOS A LOCAL LDA (RLIN) | |
| a | 613.6 A7 |
| 902 ## - ELEMENTOS DE DATOS B LOCAL, LDB (RLIN) | |
| a | M |
| 904 ## - ELEMENTOS DE DATOS D LOCAL, LDD (RLIN) | |
| a | |
| 942 ## - ELEMENTOS DE PUNTO DE ACCESO ADICIONAL (KOHA) | |
| Tipo de ítem Koha | Libro_ |
No items available.
